| 000 | 00482cam a22001457a 4500 | ||
|---|---|---|---|
| 008 | 180718b1979 xxu||||| |||| 00| 0 eng d | ||
| 082 | _aCox5471 Ah52 | ||
| 100 | _aAhmed, Moudud | ||
| 245 |
_aBangladesh: constitutional quest for autonomy, 1950-1971 _cby Moudud Ahmed |
||
| 260 |
_aDacca _bUniversity Press _c1979 |
||
| 300 | _a333p. | ||
| 650 | _aPakistan --Politics and government | ||
| 650 | _aBangladesh --Politics and government | ||
| 650 | _aConstitutional history --Bangladesh | ||
| 999 |
_c340856 _d340856 |
||